000 00441nam a22001697a 4500
003 CEME
005 20210628202245.0
008 210301b xxu||||| |||| 00| 0 eng d
040 _c.
082 _a297.353 IBR
100 _aAbu Ibrahim Mulakhatir. Dr
_959039
245 _aFazail-e-madina kamil
260 _aLAHORE
_bZIA UL QURAN PUBLICATION
_c2001
300 _a820P
650 _aISLAM-FAZAIL-E-MADINA KAMIL
_959040
942 _cBK
_2ddc
999 _c569104
_d569104